| 000 | 01092nrm a2200193 a 4500 | ||
|---|---|---|---|
| 008 | 070508s2004 ||||||||||||||||| || u | ||
| 050 | _aHC 79.I55 ICT | ||
| 100 | _aGillwald, Alison | ||
| 245 | 1 | 0 |
_aICT sector performance in Africa: a review of seven African countries _h[toy] |
| 260 |
_aWitts University _bIDRC _c2004 |
||
| 300 | _a32 pages | ||
| 350 | _a0.00 | ||
| 650 | _aINFORMATION | ||
| 650 | _aTECHNOLOGY, INFORMATION | ||
| 995 |
_aANNEX COLLECTION (Main Library) _D0.00 _e737709 _FCBU-MAIN LIBRARY (Kitwe) _H1 _I0.00 _jHC 79.I55 ICT _M2 _UAVAILABLE _WMay 8, 2007 _y54968 _ZAnnex Low-Usage Collection |
||
| 995 |
_aSPECIAL COLLECTIONS _D0.00 _e737711 _FCBU-MAIN LIBRARY (Kitwe) _H1 _I0.00 _jZAM HC 79.I55 ICT _M3 _UAVAILABLE _WMay 8, 2007 _y54969 _ZZambiana Collection |
||
| 995 |
_aSPECIAL COLLECTIONS _D0.00 _e737710 _FCBU-MAIN LIBRARY (Kitwe) _H1 _I0.00 _jZAM HC 79.I55 ICT _M4 _UAVAILABLE _WMay 8, 2007 _y54970 _ZZambiana Collection |
||
| 995 |
_aMAIN LIBRARY OPEN ACCESS _D0.00 _e737708 _FCBU-MAIN LIBRARY (Kitwe) _H1 _I0.00 _jHC 79.I55 ICT _M1 _UAVAILABLE _WMay 8, 2007 _y54967 _ZMain Library Open Access Collection |
||
| 999 |
_c76285 _d76285 |
||